<?xml version="1.0" encoding="UTF-8"?>
<record
    xmlns:xsi="http://www.w3.org/2001/XMLSchema-instance"
    xsi:schemaLocation="http://www.loc.gov/MARC21/slim http://www.loc.gov/standards/marcxml/schema/MARC21slim.xsd"
    xmlns="http://www.loc.gov/MARC21/slim">

  <leader>01148nam a22002537a 4500</leader>
  <controlfield tag="005">20170124103132.0</controlfield>
  <datafield tag="010" ind1=" " ind2=" ">
    <subfield code="a">B-113642</subfield>
  </datafield>
  <datafield tag="020" ind1=" " ind2=" ">
    <subfield code="c">125.00</subfield>
    <subfield code="a">818748232</subfield>
  </datafield>
  <datafield tag="035" ind1=" " ind2=" ">
    <subfield code="a">B-113642</subfield>
  </datafield>
  <datafield tag="037" ind1=" " ind2=" ">
    <subfield code="b">Cen Lib/Ret</subfield>
  </datafield>
  <datafield tag="040" ind1=" " ind2=" ">
    <subfield code="a">DPL</subfield>
    <subfield code="b">HN</subfield>
  </datafield>
  <datafield tag="082" ind1=" " ind2=" ">
    <subfield code="a">323</subfield>
    <subfield code="b">&#x928;&#x928;&#x94D;&#x926;&#x928;&#x940;</subfield>
  </datafield>
  <datafield tag="100" ind1=" " ind2=" ">
    <subfield code="a">&#x906;&#x91A;&#x93E;&#x930;&#x94D;&#x92F;, &#x928;&#x928;&#x94D;&#x926;&#x915;&#x93F;&#x936;&#x94B;&#x930; </subfield>
    <subfield code="9">143239</subfield>
  </datafield>
  <datafield tag="245" ind1=" " ind2=" ">
    <subfield code="a">&#x92E;&#x93E;&#x928;&#x935;&#x93E;&#x927;&#x93F;&#x915;&#x93E;&#x930; &#x915;&#x947; &#x924;&#x915;&#x93E;&#x91C;&#x93C;&#x947; /</subfield>
    <subfield code="c">&#x928;&#x928;&#x94D;&#x926;&#x915;&#x93F;&#x936;&#x94B;&#x930; &#x906;&#x91A;&#x93E;&#x930;&#x94D;&#x92F;</subfield>
  </datafield>
  <datafield tag="246" ind1=" " ind2=" ">
    <subfield code="a">Manvadhikar ke takaze /</subfield>
    <subfield code="b">by Nandkishore Acharya</subfield>
  </datafield>
  <datafield tag="260" ind1=" " ind2=" ">
    <subfield code="a">&#x92C;&#x940;&#x915;&#x93E;&#x928;&#x947;&#x930; </subfield>
    <subfield code="b">&#x935;&#x93E;&#x917;&#x926;&#x947;&#x935;&#x940; &#x92A;&#x94D;&#x930;&#x915;&#x93E;&#x936;&#x928; </subfield>
    <subfield code="c">2003</subfield>
  </datafield>
  <datafield tag="270" ind1=" " ind2=" ">
    <subfield code="a">&#x938;&#x941;&#x917;&#x928; &#x928;&#x93F;&#x935;&#x93E;&#x938;, &#x91A;&#x928;&#x94D;&#x926;&#x928;&#x938;&#x93E;&#x917;&#x930; </subfield>
    <subfield code="b">&#x92C;&#x940;&#x915;&#x93E;&#x928;&#x947;&#x930; </subfield>
    <subfield code="e">334001</subfield>
  </datafield>
  <datafield tag="300" ind1=" " ind2=" ">
    <subfield code="a">136&#x92A;&#x943;. </subfield>
    <subfield code="c">20&#x938;&#x947;&#x92E;&#x940;(&#x938;&#x91C;&#x93F;&#x932;&#x94D;&#x926;)</subfield>
  </datafield>
  <datafield tag="650" ind1=" " ind2=" ">
    <subfield code="a">&#x928;&#x948;&#x924;&#x93F;&#x915; &#x905;&#x930;&#x94D;&#x925;&#x936;&#x93E;&#x938;&#x94D;&#x924;&#x94D;&#x930; -- &#x926;&#x93F;&#x936;&#x93E; </subfield>
    <subfield code="9">84567</subfield>
  </datafield>
  <datafield tag="650" ind1=" " ind2=" ">
    <subfield code="a">&#x905;&#x930;&#x94D;&#x925; &#x935;&#x94D;&#x92F;&#x935;&#x938;&#x94D;&#x925;&#x93E; -- &#x932;&#x94B;&#x915;&#x924;&#x902;&#x924;&#x94D;&#x930;&#x940;&#x915;&#x930;&#x923; </subfield>
    <subfield code="9">84568</subfield>
  </datafield>
  <datafield tag="650" ind1=" " ind2=" ">
    <subfield code="a">Ethical Economics - Direction</subfield>
    <subfield code="9">84569</subfield>
  </datafield>
  <datafield tag="650" ind1=" " ind2=" ">
    <subfield code="a">Economy - democratization</subfield>
    <subfield code="9">84570</subfield>
  </datafield>
  <datafield tag="942" ind1=" " ind2=" ">
    <subfield code="2">ddc</subfield>
    <subfield code="c">HN</subfield>
    <subfield code="h">323</subfield>
    <subfield code="m">&#x906;&#x91A;&#x93E;&#x930;&#x94D;&#x92F;</subfield>
  </datafield>
  <datafield tag="999" ind1=" " ind2=" ">
    <subfield code="c">119371</subfield>
    <subfield code="d">119371</subfield>
  </datafield>
  <datafield tag="952" ind1=" " ind2=" ">
    <subfield code="0">0</subfield>
    <subfield code="1">0</subfield>
    <subfield code="4">0</subfield>
    <subfield code="7">0</subfield>
    <subfield code="a">L</subfield>
    <subfield code="b">L</subfield>
    <subfield code="d">2015-09-16</subfield>
    <subfield code="e">Cen Lib/Ret</subfield>
    <subfield code="g">125.00</subfield>
    <subfield code="l">2</subfield>
    <subfield code="o">323 &#x906;&#x91A;&#x93E;&#x930;&#x94D;&#x92F;</subfield>
    <subfield code="p">B-113642</subfield>
    <subfield code="r">2019-03-15 00:00:00</subfield>
    <subfield code="s">2019-02-26</subfield>
    <subfield code="t">1</subfield>
    <subfield code="v">125.00</subfield>
    <subfield code="w">2015-09-16</subfield>
    <subfield code="y">HN</subfield>
  </datafield>
</record>
